5 Steps to Making Spectacular Presentations (Record no. 84180)
[ view plain ]
| 000 -LEADER | |
|---|---|
| fixed length control field | 00550nam a2200193Ia 4500 |
| 005 - DATE AND TIME OF LATEST TRANSACTION | |
| control field | 20251113141733.0 |
| 008 - FIXED-LENGTH DATA ELEMENTS--GENERAL INFORMATION | |
| fixed length control field | 230125s9999 xx 000 0 und d |
| 041 ## - LANGUAGE CODE | |
| Language code of text/sound track or separate title | eng |
| 082 ## - DEWEY DECIMAL CLASSIFICATION NUMBER | |
| Classification number | 158.1 |
| Item number | REN |
| 100 ## - MAIN ENTRY--PERSONAL NAME | |
| Author | Renaissance Strategic Consultants |
| 245 ## - TITLE STATEMENT | |
| Title | 5 Steps to Making Spectacular Presentations |
| 250 ## - EDITION STATEMENT | |
| Edition statement | 1st Ed. |
| 260 ## - PUBLICATION, DISTRIBUTION, ETC. | |
| Date of publication, distribution, etc. | 2007 |
| Name of publisher, distributor, etc. | Renaissance Srategic Consultants |
| Place of publication, distribution, etc. | Pune |
| 300 ## - PHYSICAL DESCRIPTION | |
| Extent | 106p |
| 500 ## - GENERAL NOTE | |
| Keywords | Personality Development, |
| 650 ## - SUBJECT ADDED ENTRY--TOPICAL TERM | |
| Topical term or geographic name entry element | General |
| 700 ## - ADDED ENTRY--PERSONAL NAME | |
| Personal name | Renaissance Strategic Consultants |
| 942 ## - ADDED ENTRY ELEMENTS (KOHA) | |
| Koha item type | Books |
| Withdrawn status | Lost status | Source of classification or shelving scheme | Damaged status | Not for loan | Home library | Current library | Date acquired | Vendor | Net Price | Bill number | Full call number | Barcode | Date last seen | Actual Price | Bill Date | Koha item type | Original Barcode |
|---|---|---|---|---|---|---|---|---|---|---|---|---|---|---|---|---|---|
| Dewey Decimal Classification | Reference | Smt. Hiraben Nanavati Institute of Management & Research for Women | Smt. Hiraben Nanavati Institute of Management & Research for Women | 07/03/2007 | Renaisance Strategic Consultants Pvt. Ltd | 495.00 | 84 | 158.1 REN B05719 | HIMR-BK-5719 | 25/01/2023 | 495.00 | 07/03/2007 | Reference book | B05719 |